| Tag |
First Indicator |
Second Indicator |
Subfields |
| LEADER |
00000pam a2200000 i 4500 |
| 001 |
in00000098541 |
| 005 |
20150926125524.0 |
| 008 |
781129s1979 nyuaf b 00110aeng |
| 010 |
|
|
|a 78027134
|
| 020 |
|
|
|a 0231047061
|
| 035 |
|
|
|a (OCoLC)04491683
|
| 035 |
|
|
|9 AAL3482AM
|
| 040 |
|
|
|a DLC
|c DLC
|d TXA
|d UtOrBLW
|
| 049 |
|
|
|a TXAM
|c [1191358]
|
| 050 |
0 |
0 |
|a PR6025.A77
|b Z546 1979
|
| 082 |
0 |
|
|a 828/.9/1209
|a B
|
| 100 |
1 |
|
|a Masefield, John,
|d 1878-1967.
|
| 245 |
1 |
0 |
|a Letters of John Masefield to Florence Lamont /
|c edited by Corliss Lamont and Lansing Lamont.
|
| 264 |
|
1 |
|a New York :
|b Columbia University Press,
|c 1979.
|
| 300 |
|
|
|a 288 pages, 2 unnumbered leaves of plates :
|b illustrations ;
|c 22 cm.
|
| 336 |
|
|
|a text
|b txt
|2 rdacontent
|
| 337 |
|
|
|a unmediated
|b n
|2 rdamedia
|
| 338 |
|
|
|a volume
|b nc
|2 rdacarrier
|
| 504 |
|
|
|a Includes bibliographical references and index.
|
| 600 |
1 |
0 |
|a Masefield, John,
|d 1878-1967
|x Correspondence.
|
| 600 |
1 |
0 |
|a Lamont, Florence Haskell Corliss,
|d 1873-1952.
|
| 650 |
|
0 |
|a Poets, English
|y 20th century
|v Correspondence.
|
| 700 |
1 |
|
|a Lamont, Florence Haskell Corliss,
|d 1873-1952.
|
| 700 |
1 |
|
|a Lamont, Corliss,
|d 1902-1995.
|
| 700 |
1 |
|
|a Lamont, Lansing.
|
| 999 |
|
|
|a MARS
|
| 999 |
f |
f |
|s 476120ef-dc94-334e-a100-5698f6db2f37
|i fc4d114e-6776-3663-82f7-6ae4757471b7
|t 0
|
| 952 |
f |
f |
|p ric
|a Texas A&M University
|b Rellis Campus
|c Joint Library Facility
|d Remote Storage
|t 0
|e PR6025.A77 Z546 1979
|h Library of Congress classification
|i unmediated -- volume
|m A14804005724
|
| 998 |
f |
f |
|a PR6025.A77 Z546 1979
|t 0
|l Remote Storage
|